00457nam a2200181Ia 4500008004100000020001800041245002300059245004800082260001500130260001600145260000900161300001500170300002500185300001000210440002900220500000700249999001900256170705s9999 xx 000 0 und d a9780590405065 aWhy can't I fly? / cRita golden Gelman ; pictures by Jack Kent. aNew York : bScholastic, c1976 a48 pages : bcolor illustration ; c21cm. aHello reader scholastic. aBR c335279d335279